| 000 | 00459 a2200157 4500 | ||
|---|---|---|---|
| 020 | _a 8120315588 | ||
| 082 | _a005.133 | ||
| 090 |
_c2078 _d2078 |
||
| 100 | _aWeber, Joe. | ||
| 245 |
_aUsing Java 2 platform _cJoe, Weber |
||
| 260 |
_aNew Dehli: _bPrentice-Hall, _c 2000. |
||
| 300 |
_axxv, 1414 p. : _b ill. ; _c23 cm.+ _e1 computer optical disc (4 3/4 in.) |
||
| 500 | _aIncludes Index | ||
| 650 | _aJava (Computer program language) | ||
| 942 |
_cBK _k005.133 WEB |
||
| 999 |
_c6015 _d6015 |
||